Evaluacin̤ de polt̕icas y reformas educativas en Espaą (1982-1992) tres experiencias de metaevaluacin̤ /

Detalles Bibliográficos
Autor principal: Garca̕ Sǹchez, Ester
Autor Corporativo: Instituto Nacional de Administracin̤ Pb︢lica (Espaą) (ed.)
Formato: eBook
Lenguaje:español
Publicado: Madrid : Instituto Nacional de Administracin̤ Pb︢lica, 2011.
Colección:Monografa̕s /Instituto Nacional de Administracin̤ Pb︢lica (Espaą)
Materias:
Acceso en línea:Acceso restringido

MARC

LEADER 00000nam a2200000 4500
005 20120910153337.0
007 cr|||| ||||
008 120116s2011 sp s 000 0 spa d
020 |a 9788473514064 
035 |a 6615 
040 |a BUC  |d BUS  |d vLex 
080 |a 37.014.3 
090 |c 3405  |d 3405 
100 1 |a Garca̕ Sǹchez, Ester. 
245 1 0 |a Evaluacin̤ de polt̕icas y reformas educativas en Espaą (1982-1992)   |h [Recurso electrn̤ico] :  |b tres experiencias de metaevaluacin̤ /  |c Ester Garca̕ Sǹchez. 
256 |a Servicio en ln̕ea 
260 |a Madrid :  |b Instituto Nacional de Administracin̤ Pb︢lica,  |c 2011. 
300 |a 1 recurso electrn̤ico 
490 1 |a Monografa̕s /Instituto Nacional de Administracin̤ Pb︢lica (Espaą) 
506 1 |a Contenido solo disponible en los productos indicados  |d vLex Global   |d vLex Global (Academic Edition, excluding Law Schools)   |d vLex Global (U.S. Academic Edition, Law Schools)   |d vLex Global (U.S. Academic Edition, excluding Law Schools)   |d vLex Global (Academic Edition, Law Schools)  
650 0 4 |a Espaą  |x Polt̕ica educativa  |y Siglo 20. 
710 2 |a Instituto Nacional de Administracin̤ Pb︢lica (Espaą),  |e ed. 
740 0 |a vLex Libros (Servicio en ln̕ea) 
810 2 |a Instituto Nacional de Administracin̤ Pb︢lica (Espaą).  |t Monografa̕s. 
856 4 0 |u http://vlex.com/source/evaluacion-politicas-reformas-educativas-espa-a-1982-1992--6615  |z Acceso restringido 
942 |c BOOK 
999 0 |a  Education and state